Представление документа в формате RUSMARC

ПолеНазваниеЗначение
  Тип записи a
  Библиографический уровень a
001 Контрольный номер RU/REG73/CBS_GRAD/ee0a8c8ec702402b942d56f1ce826712
005 Дата корректировки 20251120155740.1
100 Данные общей обработки __
a Данные общей обработки 20251120a20251112||| 0rusy0189 ca
101 Язык документа 0_
a Язык текста rus
102 Страна публикации __
a Страна публикации RU
200 Заглавие и сведения об ответственности 1_
a Заглавие История одного симбирянина
e Сведения, относящиеся к заглавию Об участнике Первой мировой войны , уроженце Симбирска С.А. Витальеве
f Первые сведения об ответственности И. Антонова
461 Уровень набора _0
1 2000
a Народная газета
463 Уровень физической единицы _0
1 2000
a № 46 (620) (12 ноября)
v С.24
1 2101
d 2025
1 001RU/REG73/CBS_GRAD/8b94f56810484ad9ac35362e3779fc75
610 Ключевые слова 0_
a Ключевые слова Первая мировая война, участники Первой мировой войны, земляки
700 Автор _1
a Фамилия Антонова
b Имя (инициалы) И.
g Полное личное имя Ирина
801 Источник записи _0
a Страна RU
b Организация RuCBSGrad
c Дата составления 20251120
g Правила каталогизации RCR
801 Источник записи _1
a Страна RU
b Организация RuCBSGrad
c Дата составления 20251120
g Правила каталогизации RCR
852 Данные о местонахождении __
a Наименование организации МБУК ЦБС г. Димитровграда
901 Тип документа __
t Тип документа f
w Контрольный № источника RU/REG73/CBS_GRAD/8b94f56810484ad9ac35362e3779fc75